MARC

LEADER 00000nam0a2200000 4500
001 58093
005 20231031054725.0
035 |a (RuTPU)RU\TPU\book\61323 
090 |a 58093 
100 |a 20031121d1967 km y0rusy50 ca 
101 0 |a rus 
102 |a RU 
105 |a a z 001zy 
200 1 |a Печатные схемы в радиотехнике  |f Л. Я. Шрайбер, Э. И. Макушев 
210 |a Ленинград  |c Энергия  |d 1967 
215 |a 208 с.  |c ил. 
320 |a Библиогр.: с. 203-206. 
610 1 |a радиоаппаратура 
610 1 |a печатные схемы 
610 1 |a расчет 
610 1 |a конструирование 
610 1 |a печатный монтаж 
675 |a 621.396.6  |v 3 
700 1 |a Шрайбер  |b Л. Я.  |g Лев Яковлевич 
701 1 |a Макушев  |b Э. И.  |g Эраст Иванович 
801 1 |a RU  |b 63413507  |c 20031121  |g PSBO 
801 2 |a RU  |b 63413507  |c 20220718  |g PSBO 
942 |c BK